000 00778nam a2200277Ia 4500
005 20251020182454.0
008 200515s9999 xx 000 0 und d
020 _a84-8301-208-1
082 _a622.1/T21
100 _aTapia Gómez, Ana
245 0 _aTopografía subterránea
260 _aMéxico, D.F.
260 _bUPC
260 _c1999
300 _a212 p.
300 _bil., tbl., graf.
500 _a1 ejemplar
520 _aIntroduce al lector en el mundo de las construcciones subterráneas y en el conocimiento de los distintos métodos topograf. de levantamiento y replanteo.
650 _aCARTOGRAFIA MINERA
650 _aMINAS
650 _aTOPOGRAFIA
650 _aTOPOGRAFIA SUBTERRANEA
650 _aTUNELES
942 _cLIB
999 _c953
_d953